ZWIERZĘTA - Statystyki

Ogólne statystyki
  • Ten quiz został rozwiązany 1 326 razy
  • Średni wynik to 80 z 163
Statystyki odpowiedzi
Odpowiedź % Poprawnych
kot
96%
pies
95%
koń
86%
krowa
85%
lew
84%
świnia
79%
tygrys
79%
wąż
79%
żyrafa
78%
kura
77%
słoń
77%
mysz
76%
jeleń
75%
lis
75%
chomik
74%
niedźwiedź
74%
rekin
73%
łoś
72%
wilk
72%
zebra
72%
dzik
71%
sarna
71%
królik
70%
szczur
70%
goryl
69%
owca
68%
wieloryb
68%
hipopotam
67%
kaczka
66%
koza
66%
krokodyl
66%
papuga
66%
żaba
66%
delfin
65%
foka
65%
osa
65%
pająk
65%
pszczoła
65%
aligator
63%
bocian
63%
byk
63%
antylopa
62%
baran
60%
mucha
60%
orzeł
60%
zając
60%
jeż
59%
kangur
59%
nosorożec
59%
wiewiórka
59%
żółw
59%
bóbr
58%
motyl
58%
mrówka
58%
osioł
58%
panda
58%
pingwin
58%
gęś
57%
gołąb
57%
hiena
57%
komar
57%
flaming
56%
koala
56%
wróbel
56%
ryś
55%
świnka morska
55%
gepard
54%
żubr
54%
krab
53%
lama
53%
orka
53%
paw
53%
sowa
53%
indyk
51%
karp
51%
kruk
51%
bąk
50%
borsuk
50%
czapla
50%
emu
50%
orangutan
50%
dzięcioł
49%
rak
49%
wielbłąd
49%
wrona
49%
lemur
48%
nietoperz
48%
ośmiornica
48%
puma
48%
żuk
48%
alpaka
47%
bizon
47%
mors
47%
biedronka
46%
jastrząb
46%
łosoś
45%
struś
45%
kuna
44%
ślimak
44%
szympans
44%
leniwiec
42%
wydra
42%
bażant
41%
dżdżownica
41%
jaguar
40%
surykatka
40%
jaskółka
39%
kret
39%
meduza
39%
pelikan
39%
sroka
39%
ważka
38%
kameleon
37%
kapibara
37%
mrówkojad
37%
pantera
36%
łabędź
35%
trzmiel
35%
ćma
34%
sęp
34%
jak
33%
pawian
33%
skunks
33%
tukan
33%
kleszcz
32%
niedźwiedź polarny
32%
skorpion
32%
konik morski
31%
waran
31%
dorsz
30%
gekon
30%
jeżozwierz
30%
płaszczka
30%
sokół
30%
chrabąszcz
29%
dziobak
29%
kos
29%
fretka
28%
szynszyla
28%
iguana
27%
kojot
27%
łasica
27%
fenek
26%
koliber
26%
śledź
26%
szop pracz
26%
węgorz
26%
kanarek
25%
karaluch
25%
modliszka
25%
myszoskoczek
24%
drozd
22%
pirania
22%
świstak
22%
nutria
20%
makak
19%
pasikonik
19%
okapi
18%
pchła
17%
pluskwa
13%
manat
9%
kotik
6%
Nie znaleziono quizów pasujących do podanych kryteriów
Rozkład punktacji
Procent ludzi z każdym wynikiem
Percentyl według liczby udzielonych odpowiedzi
Twoja historia wyników
Nie rozwiązałeś tego quizu